000 00217nam a2200085Ia 4500
008 120527s9999 xx 000 0 und d
100 _aKENDRICK, ET AL
245 _aSocial Psychology Unravelling the Mystery
942 _cBK
999 _c25541
_d25541